Normal view
MARC view
Entry Personal Name
001 - CONTROL NUMBER
- control field: 954
003 - CONTROL NUMBER IDENTIFIER
- control field: PK-NaQUE
005 - DATE AND TIME OF LATEST TRANSACTION
- control field: 20260622150714.0
008 - FIXED-LENGTH DATA ELEMENTS
- fixed length control field: 260622|| aca||aabn | a|a d
040 ## - CATALOGING SOURCE
- Original cataloging agency: PK-NaQUE
- Transcribing agency: PK-NaQUE
100 ## - HEADING--PERSONAL NAME
- Personal name: Department of Information Technology
670 ## - SOURCE DATA FOUND
- Source citation: Work cat.: (PK-NaQUE)69022: Anjum un Nisai Tunio 22MSIT19 Supervisor - Prof.Dr. Akhtar Hussain Jalbani 953, Sentiment Analysis of Sindhi Language Script Using Bert Algorithm (Thesis MS), 2024